| 000 | 00451nam a2200169Ia 4500 | ||
|---|---|---|---|
| 003 | GCL | ||
| 008 | 140319s9999 xx 000 0 eng d | ||
| 040 |
_aGCL / _cGCL |
||
| 082 | 0 | 4 |
_a891 _bH P |
| 100 | 1 | _aHAZARD, PAUL | |
| 245 | 1 | 0 |
_aLA PENSEE EUROPENNE AU XVIII SIECH DE MONTESQUIEU A LESSING / _cHAZARD, PAUL |
| 260 |
_a[S.N] : _bFAYARD ، _c1963 |
||
| 300 | _a464 P | ||
| 650 | 0 | 4 | _aLITERATURE |
| 650 | 0 | 4 | _aEUROPEAN LITERATURE |
| 942 |
_2ddc _cBK |
||
| 999 |
_c24770 _d24770 |
||